| 000 | 01479nam0a2200361 4500 | ||
|---|---|---|---|
| 001 | RU\NLR\BIBL_A\022166296 | ||
| 005 | 20240411145514.0 | ||
| 010 |
_a978-5-00222-314-5 _9200 |
||
| 021 |
_aRU _bКН-П-24-005967 _9КН-П-24-0619 |
||
| 035 | _a(NLR Aleph) 022166296 | ||
| 090 |
_a12938339 _c12938339 |
||
| 100 | _a20240314d2024 u y0rusy50 ca | ||
| 101 | 1 |
_arus _cund |
|
| 102 | _aRU | ||
| 105 | _aac z 000yy | ||
| 181 | 0 |
_ai3 _baxxe |
|
| 182 | 0 | _an | |
| 200 | 1 |
_aРеволюционеры или террористы? _eвоспоминания участниц Фракции Красной армии _fИнге Фитт, Маргрит Шиллер _g[перевод: М. В. Нигматулин, Э. С. Катайцева] |
|
| 203 |
_aТекст _bвизуальный _cнепосредственный |
||
| 210 |
_aМосква _cРодина _d2024 |
||
| 215 |
_a238, [1] с. _cил., портр. _d21 |
||
| 225 | 1 | _aПротив течения | |
| 333 | _a12+ | ||
| 601 | 0 | 2 |
_aФракция Красной Армии _cФРГ _jВоспоминания, записки и т.п _92373821 _3RU\NLR\AUTH\661416745 |
| 686 | 1 | _aТ3(4Ф)6-49,013 | |
| 700 | 1 |
_aФитт _bИ. _gИнге |
|
| 701 | 1 |
_aШиллер _bМ. _gМаргрит |
|
| 712 | 0 | 2 |
_4570 _aФракция Красной армии _cФРГ _9622136 _3RU\NLR\AUTH\8810060387 |
| 942 | _cBOOK | ||
| 980 | _aNB | ||